[Event "Olympiad Women-10"]
[Site "Luzern"]
[Date "1982.11.12"]
[Round "12"]
[White "Gallego Eraso, Julia"]
[Black "Aatolainen, Margaretha"]
[Result "1-0"]
[WhiteElo "1850"]
[BlackElo "1935"]
[PlyCount "63"]
[EventDate "1982.10.30"]
[EventType "team-swiss"]
[EventRounds "14"]
[EventCountry "SUI"]
[SourceTitle "EXT 2019"]
[Source "ChessBase"]
[SourceDate "2018.10.10"]
[SourceVersion "1"]
[SourceVersionDate "2018.10.10"]
[SourceQuality "1"]
[WhiteTeam "Spain (W)"]
[BlackTeam "Sweden (W)"]
[WhiteTeamCountry "ESP"]
[BlackTeamCountry "SWE"]

1. e4 d6 2. d4 Nf6 3. Nc3 g6 4. f4 Bg7 5. Nf3 0-0 6. Bd3 Nc6 7. 0-0 Bg4 8. Be3 e5 9. Be2 Bxf3 10. Bxf3 exd4 11. Bxd4 Nxd4 12. Qxd4 Re8 13. Qb4 Rb8 14. Rad1 Qc8 15. Rfe1 a6 16. e5 c5 17. Qb3 dxe5 18. fxe5 Ng4 19. e6 f5 20. e7+ Kh8 21. Bxg4 fxg4 22. Qf7 Bxc3 23. bxc3 Qf5 24. Rf1 Qxf7 25. Rxf7 Kg8 26. Rdf1 b5 27. c4 h6 28. R1f6 h5 29. Kf2 Kh8 30. Ke3 Rg8 31. Rf8 Kg7 32. R6f7+ 1-0

[Event "Olympiad Women-10"]
[Site "Luzern"]
[Date "1982.11.09"]
[Round "10"]
[White "Aatolainen, Margaretha"]
[Black "Szmacinska, Grazyna"]
[Result "0-1"]
[WhiteElo "1935"]
[BlackElo "2115"]
[PlyCount "108"]
[EventDate "1982.10.30"]
[EventType "team-swiss"]
[EventRounds "14"]
[EventCountry "SUI"]
[SourceTitle "EXT 2019"]
[Source "ChessBase"]
[SourceDate "2018.10.10"]
[SourceVersion "1"]
[SourceVersionDate "2018.10.10"]
[SourceQuality "1"]
[WhiteTeam "Sweden (W)"]
[BlackTeam "Poland (W)"]
[WhiteTeamCountry "SWE"]
[BlackTeamCountry "POL"]

1. e4 e5 2. Nf3 Nc6 3. Bb5 a6 4. Ba4 Nf6 5. 0-0 Be7 6. d4 b5 7. Bb3 d6 8. dxe5 Nxe5 9. Nxe5 dxe5 10. Qxd8+ Bxd8 11. f3 Be7 12. Be3 0-0 13. Nc3 c6 14. Rad1 Nd7 15. Rf2 Nc5 16. Rfd2 a5 17. a3 Nxb3 18. cxb3 Be6 19. Rc1 Bxb3 20. Rd7 Rfe8 21. Nb1 Rac8 22. Rb7 Be6 23. Nd2 b4 24. axb4 Bxb4 25. Kf2 h6 26. Ke2 c5 27. Nc4 Rcd8 28. Rc7 Bxc4+ 29. Rxc4 Re6 30. Bxc5 Rd2+ 31. Ke3 Rxb2 32. Bxb4 axb4 33. Rc2 Rb3+ 34. Kf2 Rb6 35. Rd7 Rc3 36. Rb2 b3 37. Rdd2 Kh7 38. Ke2 Rg6 39. Kf2 h5 40. h3 h4 41. Rd5 Rgc6 42. Kg1 Rc1+ 43. Kh2 R1c2 44. Rxb3 Rg6 45. Rb1 Rgxg2+ 46. Kh1 f6 47. f4 Rh2+ 48. Kg1 Rcg2+ 49. Kf1 exf4 50. Rf5 Rf2+ 51. Kg1 Rhg2+ 52. Kh1 Rg5 53. Rg1 Rxf5 54. exf5 Rf3 0-1

[Event "Olympiad Women-10"]
[Site "Luzern"]
[Date "1982.11.04"]
[Round "5"]
[White "Aatolainen, Margaretha"]
[Black "An, Yangfeng"]
[Result "1-0"]
[WhiteElo "1935"]
[BlackElo "2060"]
[PlyCount "81"]
[EventDate "1982.10.30"]
[EventType "team-swiss"]
[EventRounds "14"]
[EventCountry "SUI"]
[SourceTitle "EXT 2019"]
[Source "ChessBase"]
[SourceDate "2018.10.10"]
[SourceVersion "1"]
[SourceVersionDate "2018.10.10"]
[SourceQuality "1"]
[WhiteTeam "Sweden (W)"]
[BlackTeam "China (W)"]
[WhiteTeamCountry "SWE"]
[BlackTeamCountry "CHN"]

1. e4 g6 2. d4 Bg7 3. Nc3 d6 4. Be2 a6 5. a4 Nf6 6. f4 0-0 7. Nf3 Nc6 8. e5 dxe5 9. dxe5 Qxd1+ 10. Bxd1 Ne8 11. 0-0 b6 12. Nd5 Bb7 13. c4 e6 14. Nc3 Rd8 15. Be3 f6 16. exf6 Nxf6 17. Ng5 Rfe8 18. h3 Nd4 19. Bxd4 Rxd4 20. Bb3 c5 21. Rad1 Nh5 22. Ne2 Rxd1 23. Rxd1 e5 24. f5 gxf5 25. Rd6 e4 26. Ne6 Bh6 27. g4 Be3+ 28. Kf1 fxg4 29. hxg4 Ng7 30. Nxg7 Rf8+ 31. Nf5 h5 32. Rg6+ Kf7 33. Rxb6 Bc8 34. Ke1 Rd8 35. Nxe3 hxg4 36. Ng3 Rd3 37. Ke2 Be6 38. Bc2 Rd8 39. b3 Rh8 40. Nxe4 Rh2+ 41. Kd3 1-0